000 00267nam a2200109Ia 4500
005 20251222154315.0
008 251222s9999||||xx |||||||||||||| ||spa||
082 _a985.05/L35
100 _a"Lecuna, Vicente"
245 0 _aCartas del libertador: 1802-1830
942 _cLIB
999 _c33539
_d33539